Enterprise and innovation (Record no. 68966)

MARC details
000 -LEADER
fixed length control field 00890cam a2200217 4500
001 - CONTROL NUMBER
control field WB3745-07
008 - FIXED-LENGTH DATA ELEMENTS--GENERAL INFORMATION
fixed length control field 011128n2001 000 0 eng u
035 ## - SYSTEM CONTROL NUMBER
System control number (Sirsi) u115784
245 ## - TITLE STATEMENT
Title Enterprise and innovation
260 ## - PUBLICATION, DISTRIBUTION, ETC.
Date of publication, distribution, etc. 2001
490 ## - SERIES STATEMENT
Series statement Inland Revenue Press Release
Volume/sequential designation (REV/HNT 3) 27 November 2001, (5)
520 ## - SUMMARY, ETC.
Summary, etc. Government has announced a new tax credit among other measures to boost research and development and innovation in larger companies to encourage UK businesses to compete on equal terms with the UK's main competitors. Main points include improvements to the capital gains tax and changes to the Construction Industry Scheme.
590 ## - LOCAL NOTE (RLIN)
Local note WB
650 ## - SUBJECT ADDED ENTRY--TOPICAL TERM
Topical term or geographic name entry element TAX CREDITS
650 ## - SUBJECT ADDED ENTRY--TOPICAL TERM
Topical term or geographic name entry element RESEARCH AND DEVELOPMENT
650 ## - SUBJECT ADDED ENTRY--TOPICAL TERM
Topical term or geographic name entry element BUSINESSES
650 ## - SUBJECT ADDED ENTRY--TOPICAL TERM
Topical term or geographic name entry element UNITED KINGDOM
650 ## - SUBJECT ADDED ENTRY--TOPICAL TERM
Topical term or geographic name entry element PRE-BUDGET REPORT
690 ## - LOCAL SUBJECT ADDED ENTRY--TOPICAL TERM (OCLC, RLIN)
Topical term or geographic name as entry element MANAGEMENT-BUSINESS MANAGEMENT
942 ## - ADDED ENTRY ELEMENTS (KOHA)
Suppress in OPAC 0
Holdings
Withdrawn status Lost status Source of classification or shelving scheme Damaged status Not for loan Home library Current library Shelving location Date acquired Total Checkouts Full call number Barcode Date last seen Copy number Price effective from Koha item type
    Dewey Decimal Classification     London London News article 28/11/2001   WB3745-07 115784-1001 06/08/2019 1 06/08/2019 News article